[Event "ENCI Limburg-open C"]
[Site "Maastricht"]
[Date "2010.05.22"]
[Round "3"]
[White "Ucaroglu, Melih Furkan"]
[Black "Arns, Danny"]
[Result "1-0"]
[WhiteElo "1414"]
[BlackElo "1615"]
[PlyCount "109"]
[EventDate "2010.05.21"]
[EventType "swiss"]
[EventRounds "7"]
[EventCountry "NED"]
[Source "P.Boonen"]
[SourceDate "2010.10.01"]

1. f4 e5 2. fxe5 d6 3. exd6 Bxd6 4. Nf3 g5 5. g3 g4 6. Nh4 Nf6 7. d4 Nh5 8. Qd3
Qf6 9. Nd2 Nc6 10. c3 Bd7 11. Ne4 Qe7 12. Nxd6+ Qxd6 13. Bd2 O-O-O 14. Bg2 Be6
15. e4 Ne5 16. Qc2 Nc4 17. e5 Qb6 18. b3 Nxd2 19. Qxd2 h6 20. O-O c5 21. dxc5
Qxc5+ 22. Qf2 Qxf2+ 23. Kxf2 Rd2+ 24. Kg1 Rhd8 25. Nf5 Re2 26. Nd6+ Kb8 27.
Rfe1 Rc2 28. c4 b6 29. Bd5 Ng7 30. Rad1 Rxa2 31. Nxf7 Bxf7 32. Bxf7 Rf8 33. e6
Nxe6 34. Bxe6 Rff2 35. Bd5 Rxh2 36. Rf1 h5 37. Be4 Rhd2 38. Rxd2 Rxd2 39. Rf2
Rd6 40. Bd5 b5 41. Rf8+ Kc7 42. Rf7+ Kd8 43. Rxa7 bxc4 44. bxc4 h4 45. gxh4 Rh6
46. Kg2 Rxh4 47. Kg3 Rh5 48. Kxg4 Re5 49. Kf4 Rh5 50. Ke4 Kc8 51. Kd4 Rh6 52.
Kc5 Kb8 53. Rb7+ Kc8 54. Re7 Kd8 55. Re6 1-0

[Event "ENCI Limburg-open C"]
[Site "Maastricht"]
[Date "2010.05.22"]
[Round "3"]
[White "Uiterwijk, Jos"]
[Black "Gerlagh, Joris"]
[Result "0-1"]
[WhiteElo "1702"]
[BlackElo "1654"]
[PlyCount "104"]
[EventDate "2010.05.21"]
[EventType "swiss"]
[EventRounds "7"]
[EventCountry "NED"]
[Source "P.Boonen"]
[SourceDate "2010.10.01"]

1. e4 c5 2. Nf3 Nc6 3. d4 cxd4 4. Nxd4 Nf6 5. Nc3 e6 6. Nxc6 bxc6 7. e5 Nd5 8.
Nxd5 cxd5 9. Bd3 d6 10. Bf4 Be7 11. O-O O-O 12. Qh5 g6 13. Qe2 dxe5 14. Bxe5
Bf6 15. Rad1 Bxe5 16. Qxe5 Qb6 17. b3 Ba6 18. Rfe1 Rac8 19. Qe2 Bxd3 20. Qxd3
Qa5 21. a4 Rc3 22. Qd2 Qc5 23. Re2 Rc8 24. Qd4 Rxc2 25. Qxc5 R8xc5 26. Rxc2
Rxc2 27. Kf1 Rb2 28. Rd3 Kf8 29. Rc3 h5 30. Rc8+ Kg7 31. Rb8 a5 32. Rb5 Kf6 33.
f4 Kf5 34. Rxa5 Rxb3 35. Ra7 f6 36. g3 h4 37. Kf2 hxg3+ 38. hxg3 g5 39. fxg5
Kxg5 40. a5 Ra3 41. a6 Kf5 42. Ra8 Ke4 43. a7 e5 44. Ke2 Ra2+ 45. Kd1 d4 46.
Rf8 Rxa7 47. Rxf6 Rg7 48. Rf2 Rxg3 49. Kd2 Ra3 50. Re2+ Kd5 51. Re1 Ra2+ 52.
Kd3 e4+ 0-1

[Event "ENCI Limburg-open C"]
[Site "Maastricht"]
[Date "2010.05.22"]
[Round "3"]
[White "Van Broekhoven, Stefan"]
[Black "Baekelant, Viktor"]
[Result "0-1"]
[WhiteElo "1309"]
[BlackElo "1047"]
[PlyCount "68"]
[EventDate "2010.05.21"]
[EventType "swiss"]
[EventRounds "7"]
[EventCountry "NED"]
[Source "P.Boonen"]
[SourceDate "2010.10.01"]

1. e4 e5 2. Bc4 Nf6 3. d3 Nc6 4. Nf3 d5 5. exd5 Nxd5 6. Ng5 Be7 7. Qf3 Bxg5 8.
Bxd5 O-O 9. Bxg5 Qxg5 10. O-O Nd4 11. Qd1 c6 12. c3 cxd5 13. cxd4 exd4 14. Na3
Bg4 15. f4 Bxd1 16. fxg5 Be2 17. Rf4 Bxd3 18. Rxd4 Be4 19. Rc1 Rac8 20. Rf1 f6
21. Nb5 fxg5 22. Rxf8+ Kxf8 23. Nc3 Kf7 24. Nxe4 dxe4 25. Rd7+ Kf6 26. Rxb7 e3
27. Kf1 Rc2 28. Rd7 Rxb2 29. Rd3 e2+ 30. Ke1 Rxa2 31. Rd2 Rxd2 32. Kxd2 Kf5 33.
Kxe2 Ke4 34. Kd2 a5 0-1

[Event "ENCI Limburg-open C"]
[Site "Maastricht"]
[Date "2010.05.22"]
[Round "3"]
[White "Van Ginneken, Maikel"]
[Black "De Lange, Marieke"]
[Result "1-0"]
[WhiteElo "1331"]
[BlackElo "1253"]
[PlyCount "61"]
[EventDate "2010.05.21"]
[EventType "swiss"]
[EventRounds "7"]
[EventCountry "NED"]
[Source "P.Boonen"]
[SourceDate "2010.10.01"]

1. d4 d5 2. c4 c6 3. Nf3 Bf5 4. Nc3 Nf6 5. Bf4 e6 6. e3 Bb4 7. Qb3 a5 8. a3
Bxc3+ 9. Qxc3 Ne4 10. Qb3 Qe7 11. Bd3 Nd7 12. Qxb7 O-O 13. Qxc6 Nb8 14. Qxa8
Nd7 15. Qxa5 Qf6 16. cxd5 Qg6 17. g3 Nef6 18. Nh4 Qg4 19. Nxf5 exf5 20. O-O Nh5
21. Qc7 Ndf6 22. d6 Nxf4 23. exf4 Nd5 24. Qc6 Nxf4 25. Bb5 Nh3+ 26. Kg2 f4 27.
Qf3 f5 28. Qxg4 fxg4 29. d7 f3+ 30. Kh1 Ng5 31. Rae1 1-0

[Event "ENCI Limburg-open C"]
[Site "Maastricht"]
[Date "2010.05.22"]
[Round "3"]
[White "Van Meegen, Judith"]
[Black "Lennartz, Ludwig"]
[Result "0-1"]
[WhiteElo "1254"]
[BlackElo "1614"]
[PlyCount "70"]
[EventDate "2010.05.21"]
[EventType "swiss"]
[EventRounds "7"]
[EventCountry "NED"]
[Source "P.Boonen"]
[SourceDate "2010.10.01"]

1. e4 c5 2. Nf3 d6 3. d4 cxd4 4. Nxd4 Nf6 5. Nc3 g6 6. Bc4 Bg7 7. Be3 Nc6 8. f4
Ng4 9. Nxc6 bxc6 10. Bd4 e5 11. fxe5 Nxe5 12. Bb3 Ba6 13. Qd2 Qh4+ 14. Bf2 Qe7
15. O-O-O O-O 16. Qxd6 Qg5+ 17. Kb1 Rfd8 18. Qc5 Bf8 19. Rxd8 Rxd8 20. Qxa7 Bc4
21. Bg3 Bxb3 22. cxb3 Ng4 23. a4 Rd2 24. Rg1 Bc5 25. Qa5 Qe3 26. Re1 Qd3+ 27.
Ka1 Qc2 28. Rb1 Bd4 29. Be1 Rd3 30. Qa8+ Kg7 31. Qxc6 Ne3 32. Qb5 Rd1 33. Nxd1
Nxd1 34. Bc3 Nxc3 35. Qf1 Qxb3 0-1

[Event "ENCI Limburg-open C"]
[Site "Maastricht"]
[Date "2010.05.22"]
[Round "3"]
[White "Van Steenwinckel, Hugo"]
[Black "Mollema, Henk"]
[Result "1-0"]
[WhiteElo "1645"]
[BlackElo "1279"]
[PlyCount "35"]
[EventDate "2010.05.21"]
[EventType "swiss"]
[EventRounds "7"]
[EventCountry "NED"]
[Source "P.Boonen"]
[SourceDate "2010.10.01"]

1. e4 e5 2. Nf3 Nc6 3. d4 exd4 4. Nxd4 Bc5 5. Be3 Qf6 6. c3 Nge7 7. Bc4 d6 8.
O-O O-O 9. f4 Be6 10. Be2 Nxd4 11. cxd4 Bb6 12. Qd2 Bd7 13. Nc3 Ba5 14. f5 Rad8
15. Bg5 Qxd4+ 16. Qxd4 Bb6 17. Qxb6 cxb6 18. Bxe7 1-0

[Event "ENCI Limburg-open C"]
[Site "Maastricht"]
[Date "2010.05.22"]
[Round "3"]
[White "Van der Heijden, Arnold"]
[Black "Houben, Tom"]
[Result "1-0"]
[WhiteElo "1618"]
[BlackElo "949"]
[PlyCount "71"]
[EventDate "2010.05.21"]
[EventType "swiss"]
[EventRounds "7"]
[EventCountry "NED"]
[Source "P.Boonen"]
[SourceDate "2010.10.01"]

1. e4 e5 2. f4 Nc6 3. Nf3 exf4 4. d4 g5 5. h4 g4 6. Ne5 Nxe5 7. dxe5 Be7 8.
Qxg4 d6 9. Qxf4 dxe5 10. Qxe5 Bg4 11. Bd3 c5 12. Nc3 f6 13. Qg3 h5 14. Bb5+ Kf8
15. Bd2 Qd4 16. Be3 Bd6 17. Qf2 Qe5 18. Bd3 Qe7 19. Kd2 Rd8 20. Nd5 Qe6 21. c4
Ne7 22. Qxf6+ Qxf6 23. Nxf6 Be6 24. Raf1 Bf7 25. Kc2 Be5 26. Bxc5 Rh6 27. Nd5
Bd6 28. Be3 Rg6 29. Bg5 Re8 30. e5 Bxe5 31. Bxe7+ Rxe7 32. Nxe7 Kxe7 33. Bxg6
Bxg6+ 34. Kb3 Be4 35. Re1 Bxg2 36. Rxe5+ 1-0

[Event "ENCI Limburg-open C"]
[Site "Maastricht"]
[Date "2010.05.22"]
[Round "3"]
[White "Veelenturf, Wim"]
[Black "Rahangmetan, Derek Jan"]
[Result "1/2-1/2"]
[WhiteElo "1719"]
[BlackElo "1561"]
[PlyCount "98"]
[EventDate "2010.05.21"]
[EventType "swiss"]
[EventRounds "7"]
[EventCountry "NED"]
[Source "P.Boonen"]
[SourceDate "2010.10.01"]

1. Nf3 Nc6 2. d4 d5 3. e3 Bf5 4. Bb5 e6 5. Bd2 Qd6 6. a3 a5 7. Ne5 Nge7 8. O-O
f6 9. Nd3 Bxd3 10. cxd3 g6 11. Qe1 b6 12. b4 Kf7 13. bxa5 Nxa5 14. Bb4 Qd8 15.
Ba4 Nf5 16. Bxf8 Qxf8 17. Qc3 c5 18. dxc5 Qxc5 19. Rc1 Rhc8 20. Qxc5 bxc5 21.
Nd2 Nb7 22. Bd1 Nfd6 23. f3 Nf5 24. Kf2 Nbd6 25. g4 Ne7 26. f4 h6 27. Rcb1 c4
28. Bc2 g5 29. Rb6 Rc6 30. Rxc6 Nxc6 31. dxc4 Nxc4 32. Nxc4 dxc4 33. Be4 Ra6
34. Bxc6 Rxc6 35. a4 c3 36. Rc1 Kg6 37. a5 f5 38. h3 h5 39. Kf3 c2 40. a6 Rxa6
41. Rxc2 gxf4 42. gxf5+ Kxf5 43. e4+ Kf6 44. Kxf4 e5+ 45. Kg3 Kg5 46. h4+ Kh6
47. Rc5 Re6 48. Ra5 Kg6 49. Kf3 Kf6 1/2-1/2

[Event "ENCI Limburg-open C"]
[Site "Maastricht"]
[Date "2010.05.22"]
[Round "3"]
[White "Vincent, Ayla"]
[Black "Schoffelen, Jan"]
[Result "0-1"]
[WhiteElo "1096"]
[BlackElo "1367"]
[PlyCount "52"]
[EventDate "2010.05.21"]
[EventType "swiss"]
[EventRounds "7"]
[EventCountry "NED"]
[Source "P.Boonen"]
[SourceDate "2010.10.01"]

1. e4 e5 2. Nf3 Nf6 3. Bc4 d5 4. exd5 Nxd5 5. O-O Nc6 6. Qe2 f6 7. d3 Bg4 8.
Be3 Qd6 9. Nbd2 O-O-O 10. Ne4 Qe6 11. Nc3 Nce7 12. Bxa7 b6 13. Ba6+ Kd7 14.
Bb5+ c6 15. Nxd5 Nxd5 16. c4 Nf4 17. Qe4 Kc7 18. d4 Bxf3 19. Qxf3 Rxd4 20. Qb3
cxb5 21. Qxb5 Kb7 22. Rad1 Kxa7 23. Rfe1 Rxd1 24. Rxd1 Ne2+ 25. Kf1 Nd4 26.
Qa4+ Kb7 0-1

[Event "ENCI Limburg-open C"]
[Site "Maastricht"]
[Date "2010.05.22"]
[Round "3"]
[White "Weerts, Rene"]
[Black "Van Velthoven, Paul"]
[Result "1-0"]
[WhiteElo "1672"]
[BlackElo "1416"]
[PlyCount "37"]
[EventDate "2010.05.21"]
[EventType "swiss"]
[EventRounds "7"]
[EventCountry "NED"]
[Source "P.Boonen"]
[SourceDate "2010.10.01"]

1. d4 Nf6 2. Nf3 d5 3. Bg5 e6 4. c3 Be7 5. Nbd2 Nbd7 6. e3 c5 7. Bd3 O-O 8. O-O
b6 9. Ne5 Bb7 10. Nxd7 Qxd7 11. f4 Rae8 12. Bxf6 Bxf6 13. Rf3 Bd8 14. Bxh7+
Kxh7 15. Rh3+ Kg8 16. Qh5 f5 17. Nf3 Rf6 18. Qh8+ Kf7 19. Ne5+ 1-0

[Event "ENCI Limburg-open C"]
[Site "Maastricht"]
[Date "2010.05.22"]
[Round "3"]
[White "Yue, Tim"]
[Black "Strolenberg, Lars"]
[Result "0-1"]
[WhiteElo "1733"]
[BlackElo "1659"]
[PlyCount "74"]
[EventDate "2010.05.21"]
[EventType "swiss"]
[EventRounds "7"]
[EventCountry "NED"]
[Source "P.Boonen"]
[SourceDate "2010.10.01"]

1. e4 c5 2. Nf3 d6 3. d4 cxd4 4. Nxd4 Nf6 5. Nc3 g6 6. Be3 Bg7 7. f3 O-O 8. Bc4
Nc6 9. Qd2 Bd7 10. O-O-O Rc8 11. Bb3 Ne5 12. h4 h5 13. Bh6 Nc4 14. Bxc4 Rxc4
15. Bxg7 Kxg7 16. Rdg1 Qb6 17. Nde2 Qa5 18. Kb1 Rfc8 19. Rc1 Be6 20. a3 a6 21.
Rhd1 Qb6 22. b3 R4c7 23. g3 Qa5 24. Nd5 Qxd2 25. Rxd2 Bxd5 26. exd5 Nd7 27. Nd4
b5 28. Re1 Nf6 29. Ne2 Kf8 30. b4 Nd7 31. f4 Nf6 32. Kb2 Ne4 33. Rd3 Rxc2+ 34.
Ka1 Nf6 35. Kb1 R8c7 36. Ng1 R2c3 37. Ree3 Rc1+ 0-1

[Event "ENCI Limburg-open C"]
[Site "Maastricht"]
[Date "2010.05.23"]
[Round "4"]
[White "Allen, Tim"]
[Black "Ucaroglu, Melih Furkan"]
[Result "1-0"]
[WhiteElo "1699"]
[BlackElo "1414"]
[PlyCount "83"]
[EventDate "2010.05.21"]
[EventType "swiss"]
[EventRounds "7"]
[EventCountry "NED"]
[Source "P.Boonen"]
[SourceDate "2010.10.01"]

1. e4 c5 2. Nf3 e6 3. d4 cxd4 4. c3 dxc3 5. Nxc3 Nc6 6. Bc4 a6 7. O-O b5 8. Bb3
Bc5 9. e5 Bb6 10. Ne4 Bc7 11. Nd6+ Bxd6 12. exd6 Nf6 13. Bg5 h6 14. Bf4 O-O 15.
Rc1 Bb7 16. h3 Re8 17. Ne5 Nxe5 18. Bxe5 Bc6 19. Qd4 Nh7 20. Rc3 f6 21. Bf4 g5
22. Bd2 f5 23. f4 Be4 24. fxg5 hxg5 25. Rg3 Rf8 26. Bxg5 Nxg5 27. h4 Qf6 28.
Rxg5+ Kf7 29. Qxf6+ Kxf6 30. g4 Rg8 31. gxf5 Rxg5+ 32. hxg5+ Kxg5 33. fxe6 dxe6
34. Bxe6 Rd8 35. d7 Bc6 36. Rf7 Be4 37. Kf2 Bg6 38. Rf3 Be4 39. Rc3 Bb7 40. Rc8
Kf6 41. Rxd8 Kxe6 42. Rb8 1-0

[Event "ENCI Limburg-open C"]
[Site "Maastricht"]
[Date "2010.05.23"]
[Round "4"]
[White "Boer, Jan"]
[Black "Brone, Steven"]
[Result "1-0"]
[WhiteElo "1689"]
[BlackElo "1463"]
[PlyCount "63"]
[EventDate "2010.05.21"]
[EventType "swiss"]
[EventRounds "7"]
[EventCountry "NED"]
[Source "P.Boonen"]
[SourceDate "2010.10.01"]

1. d4 d5 2. c4 dxc4 3. Nf3 Nf6 4. Nc3 c5 5. Bf4 a6 6. a4 Bf5 7. dxc5 Qxd1+ 8.
Rxd1 e6 9. Bd6 Nc6 10. e3 Be7 11. Bxc4 O-O 12. O-O Rac8 13. Rd2 Rfd8 14. Rfd1
Rd7 15. Kf1 Kf8 16. Ke2 Ke8 17. h3 h6 18. g4 Nxg4 19. hxg4 Bxg4 20. Ne4 Bd8 21.
Bg3 Rxd2+ 22. Rxd2 Be7 23. Nd6+ Bxd6 24. Rxd6 Ke7 25. e4 g5 26. Ke3 Na5 27. Ne5
Nxc4+ 28. Nxc4 Rxc5 29. Kd4 Rc8 30. Rb6 Be2 31. Rxb7+ Ke8 32. Nd6+ 1-0

[Event "ENCI Limburg-open C"]
[Site "Maastricht"]
[Date "2010.05.23"]
[Round "4"]
[White "Bok, Gidius"]
[Black "Ramaekers, Philippe"]
[Result "0-1"]
[WhiteElo "1682"]
[BlackElo "1601"]
[PlyCount "54"]
[EventDate "2010.05.21"]
[EventType "swiss"]
[EventRounds "7"]
[EventCountry "NED"]
[Source "P.Boonen"]
[SourceDate "2010.10.01"]

1. e4 e6 2. d4 d5 3. Nc3 Nf6 4. Bg5 Bb4 5. e5 h6 6. exf6 hxg5 7. fxg7 Rg8 8. a3
Bxc3+ 9. bxc3 Qf6 10. c4 c5 11. dxc5 Qc3+ 12. Ke2 Qxc4+ 13. Qd3 Qxc5 14. Rb1
Nc6 15. Rb5 Nd4+ 16. Ke1 Nxb5 17. Qh7 Qc3+ 18. Kd1 Qa1+ 19. Kd2 Qc3+ 20. Kd1
Qxg7 21. Bxb5+ Bd7 22. Qd3 O-O-O 23. c4 Qa1+ 24. Kd2 dxc4 25. Qxc4+ Bc6+ 26.
Ke2 Qe5+ 27. Kf1 Rd1# 0-1

[Event "ENCI Limburg-open C"]
[Site "Maastricht"]
[Date "2010.05.23"]
[Round "4"]
[White "Boontje, Willem"]
[Black "Fortenbacher, Florian"]
[Result "1-0"]
[WhiteElo "1689"]
[BlackElo "1431"]
[PlyCount "89"]
[EventDate "2010.05.21"]
[EventType "swiss"]
[EventRounds "7"]
[EventCountry "NED"]
[Source "P.Boonen"]
[SourceDate "2010.10.01"]

1. d4 g6 2. c4 Bg7 3. Nc3 Nf6 4. e4 d6 5. f3 Nbd7 6. Be3 b6 7. Qd2 O-O 8. g4 c5
9. d5 a6 10. a4 Qc7 11. h4 h5 12. gxh5 Nxh5 13. Bh6 Ne5 14. Bxg7 Kxg7 15. Be2
Ng3 16. Rh2 Rh8 17. Kf2 Nh5 18. Nh3 Bxh3 19. Rxh3 Qd7 20. Rh2 Rh7 21. Rg1 Rah8
22. f4 Nxf4 23. Qxf4 Rh5 24. Ke3 R5h7 25. b3 e6 26. Bg4 Nxg4+ 27. Qxg4 Qe7 28.
h5 Qf6 29. Ne2 Qb2 30. dxe6 Qxb3+ 31. Kf2 Qxc4 32. exf7 Qxf7+ 33. Nf4 Rh6 34.
Kg2 Qa2+ 35. Kh1 Qf7 36. Nxg6 Rg8 37. Ne5+ Kf8 38. Nxf7 Rxg4 39. Nxh6 Rxe4 40.
Rf2+ Ke7 41. Nf5+ Ke6 42. h6 Rxa4 43. h7 b5 44. h8=Q b4 45. Qg8+ 1-0

[Event "ENCI Limburg-open C"]
[Site "Maastricht"]
[Date "2010.05.23"]
[Round "4"]
[White "Braam, Marco"]
[Black "Van der Heijden, Arnold"]
[Result "1-0"]
[WhiteElo "1675"]
[BlackElo "1618"]
[PlyCount "45"]
[EventDate "2010.05.21"]
[EventType "swiss"]
[EventRounds "7"]
[EventCountry "NED"]
[Source "P.Boonen"]
[SourceDate "2010.10.01"]

1. e4 c5 2. Nc3 d6 3. g3 Nf6 4. Bg2 Nc6 5. d3 Bg4 6. Nge2 g6 7. h3 Bd7 8. Be3
Qb6 9. Rb1 Bg7 10. O-O O-O 11. f4 Qd8 12. g4 Qc8 13. Ng3 Rb8 14. f5 Ne5 15. Qd2
Rd8 16. g5 Ne8 17. Nd5 Nc6 18. Qf2 e6 19. fxg6 fxg6 20. Qf7+ Kh8 21. Ne7 Nxe7
22. Qxe7 e5 23. Rf8+ 1-0

[Event "ENCI Limburg-open C"]
[Site "Maastricht"]
[Date "2010.05.23"]
[Round "4"]
[White "Chappin, Rene"]
[Black "Bex, Lennert"]
[Result "1-0"]
[WhiteElo "1622"]
[BlackElo "1235"]
[PlyCount "71"]
[EventDate "2010.05.21"]
[EventType "swiss"]
[EventRounds "7"]
[EventCountry "NED"]
[Source "P.Boonen"]
[SourceDate "2010.10.01"]

1. e4 c6 2. d4 d5 3. exd5 cxd5 4. Bd3 Nf6 5. c3 Nc6 6. Nf3 Bg4 7. O-O e6 8. h3
Bh5 9. Bg5 Bd6 10. Nbd2 O-O 11. Qc2 Bg6 12. Rae1 Rc8 13. Qb1 Bxd3 14. Qxd3 h6
15. Bh4 Be7 16. Ne5 Nxe5 17. dxe5 Nd7 18. Bxe7 Qxe7 19. f4 Rc6 20. Kh1 Nb6 21.
f5 exf5 22. Rxf5 Qe6 23. Nb3 Qg6 24. Nd4 Rc4 25. Ref1 Rc7 26. Qf3 Nc4 27. Rf2
b6 28. h4 Qh7 29. h5 g6 30. Qg3 Re8 31. e6 Ree7 32. Rf6 g5 33. b3 Na3 34. exf7+
Rxf7 35. Rg6+ Kh8 36. Qxc7 1-0

[Event "ENCI Limburg-open C"]
[Site "Maastricht"]
[Date "2010.05.23"]
[Round "4"]
[White "Chotoe, Henry"]
[Black "Beissel, Daniel"]
[Result "0-1"]
[WhiteElo "1298"]
[BlackElo "1542"]
[PlyCount "66"]
[EventDate "2010.05.21"]
[EventType "swiss"]
[EventRounds "7"]
[EventCountry "NED"]
[Source "P.Boonen"]
[SourceDate "2010.10.01"]

1. e3 d5 2. d4 Nf6 3. c4 e6 4. Nc3 c6 5. Bd3 Nbd7 6. Nf3 Bd6 7. O-O O-O 8. Qc2
g6 9. Bd2 b6 10. a3 Ba6 11. b3 Rc8 12. Qb2 Bb7 13. e4 dxe4 14. Nxe4 Nxe4 15.
Bxe4 Nf6 16. Bc2 c5 17. Bc3 Bxf3 18. gxf3 cxd4 19. Bxd4 Nh5 20. Be5 Qg5+ 21.
Bg3 Nxg3 22. fxg3 Be5 23. Qb1 Bxa1 24. Qxa1 Qe3+ 25. Kg2 Rfd8 26. Rd1 Rd2+ 27.
Kh3 Rxc2 28. Rd7 Rd2 29. Rxa7 Rcd8 30. a4 Qxf3 31. Qa3 Qf5+ 32. g4 R8d3+ 33.
Kh4 Rxh2# 0-1

[Event "ENCI Limburg-open C"]
[Site "Maastricht"]
[Date "2010.05.23"]
[Round "4"]
[White "Coenjaerts, Rene"]
[Black "Godding, Mick"]
[Result "0-1"]
[WhiteElo "1717"]
[BlackElo "1516"]
[PlyCount "74"]
[EventDate "2010.05.21"]
[EventType "swiss"]
[EventRounds "7"]
[EventCountry "NED"]
[Source "P.Boonen"]
[SourceDate "2010.10.01"]

1. e4 e5 2. Nf3 Nc6 3. Bb5 a6 4. Ba4 b5 5. Bb3 Bc5 6. d3 Nf6 7. Bg5 d6 8. Bd5
Bb7 9. O-O O-O 10. a3 h6 11. Bh4 g5 12. Bg3 Nxd5 13. exd5 Ne7 14. c4 f5 15. h3
c6 16. b4 Ba7 17. dxc6 Bxc6 18. cxb5 axb5 19. Nc3 Nd5 20. Rc1 Nxc3 21. Rxc3 Bd5
22. Qe2 Qf6 23. Rfc1 Rfe8 24. Ne1 e4 25. dxe4 Bc4 26. Qf3 Rxe4 27. Qd1 Bd4 28.
Rf3 Rae8 29. Nd3 f4 30. Qd2 Bxd3 31. Qxd3 Re1+ 32. Rxe1 Rxe1+ 33. Kh2 fxg3+ 34.
fxg3 Bg1+ 35. Kh1 Bf2+ 36. Kh2 Rh1+ 37. Kxh1 Qa1+ 0-1

[Event "ENCI Limburg-open C"]
[Site "Maastricht"]
[Date "2010.05.23"]
[Round "4"]
[White "Daemen, Jules"]
[Black "Yue, Tim"]
[Result "0-1"]
[WhiteElo "1634"]
[BlackElo "1733"]
[PlyCount "68"]
[EventDate "2010.05.21"]
[EventType "swiss"]
[EventRounds "7"]
[EventCountry "NED"]
[Source "P.Boonen"]
[SourceDate "2010.10.01"]

1. d4 Nf6 2. c4 g6 3. Nc3 Bg7 4. Nf3 O-O 5. Bg5 d6 6. g3 Bg4 7. Bg2 Nc6 8. O-O
h6 9. Be3 Qd7 10. Qd2 Kh7 11. d5 Nb8 12. Bd4 Bh3 13. Nh4 Bxg2 14. Kxg2 c5 15.
Be3 Ng4 16. f4 Nxe3+ 17. Qxe3 f5 18. Qd2 e5 19. e4 exf4 20. exf5 g5 21. Qd3
gxh4 22. f6+ Kg8 23. fxg7 Qxg7 24. Rf3 Nd7 25. Qf1 fxg3 26. hxg3 Ne5 27. Rxf8+
Rxf8 28. Qe1 Rf3 29. Ne4 hxg3 30. Rd1 h5 31. Qe2 Qg4 32. Rf1 h4 33. Rxf3 h3+
34. Kh1 g2+ 0-1

[Event "ENCI Limburg-open C"]
[Site "Maastricht"]
[Date "2010.05.23"]
[Round "4"]
[White "De Coninck, Erik"]
[Black "Demarre, Thomas"]
[Result "0-1"]
[WhiteElo "1149"]
[BlackElo "1332"]
[PlyCount "48"]
[EventDate "2010.05.21"]
[EventType "swiss"]
[EventRounds "7"]
[EventCountry "NED"]
[Source "P.Boonen"]
[SourceDate "2010.10.01"]

1. c4 c5 2. g3 e6 3. Bg2 Nf6 4. Nc3 d5 5. cxd5 exd5 6. e4 d4 7. Nd5 Nxd5 8.
exd5 Na6 9. Ne2 Nc7 10. Qb3 b5 11. d6 c4 12. dxc7 Qxc7 13. Qxb5+ Bd7 14. Qd5
Rd8 15. Qe4+ Be7 16. Nxd4 O-O 17. O-O Rfe8 18. Qb7 Qxb7 19. Bxb7 Bh3 20. Nc6
Rd7 21. Nxe7+ Rdxe7 22. Bd5 Re1 23. Bxc4 Rxf1+ 24. Bxf1 Re1 0-1

[Event "ENCI Limburg-open C"]
[Site "Maastricht"]
[Date "2010.05.23"]
[Round "4"]
[White "De Lange, Gerard"]
[Black "Beaumont, Thierry"]
[Result "1-0"]
[WhiteElo "1599"]
[BlackElo "1147"]
[PlyCount "65"]
[EventDate "2010.05.21"]
[EventType "swiss"]
[EventRounds "7"]
[EventCountry "NED"]
[Source "P.Boonen"]
[SourceDate "2010.10.01"]

1. c4 e5 2. Nc3 Nf6 3. e3 Nc6 4. g3 d5 5. cxd5 Nxd5 6. Bg2 Nxc3 7. bxc3 Be6 8.
Ne2 Bg4 9. O-O Qd3 10. f3 Be6 11. Rf2 O-O-O 12. Bf1 Qg6 13. d4 exd4 14. cxd4
Bd6 15. Bb2 Nb4 16. Nc3 Nc2 17. Qxc2 Bxg3 18. hxg3 Qxg3+ 19. Kh1 Bh3 20. Ne4
Bf5 21. Nxg3 Bxc2 22. Rxc2 Rhe8 23. Rac1 c6 24. e4 Kb8 25. Bh3 Rd6 26. Nf5 Rg6
27. Rg2 Rxg2 28. Kxg2 Re6 29. Kf2 g6 30. Nh6 Rf6 31. d5 Rd6 32. Be5 Kc7 33.
Nxf7 1-0

[Event "ENCI Limburg-open C"]
[Site "Maastricht"]
[Date "2010.05.23"]
[Round "4"]
[White "De Lange, Marieke"]
[Black "Dubbeldam, Mathijs"]
[Result "0-1"]
[WhiteElo "1253"]
[BlackElo "1002"]
[PlyCount "82"]
[EventDate "2010.05.21"]
[EventType "swiss"]
[EventRounds "7"]
[EventCountry "NED"]
[Source "P.Boonen"]
[SourceDate "2010.10.01"]

1. e4 e6 2. Nc3 b6 3. Nf3 Bb7 4. Bc4 Bb4 5. a3 Bxc3 6. dxc3 Bxe4 7. O-O Nf6 8.
Re1 O-O 9. Ng5 Bb7 10. Bf4 h6 11. Nf3 Nc6 12. Qd3 Ne7 13. Nd4 Ng6 14. Qg3 d6
15. Bxe6 Nxf4 16. Qxf4 fxe6 17. Nxe6 Qd7 18. Nxf8 Rxf8 19. Re3 Nd5 20. Qc4 Kh8
21. Rg3 Nf6 22. Rd1 Qc8 23. b4 Ne4 24. Rf3 Rxf3 25. gxf3 Ng5 26. Kf1 Bxf3 27.
Rd4 Qh3+ 28. Ke1 d5 29. Qd3 Ne4 30. Rxd5 Qg2 31. Qf1 Qg6 32. Rd3 Qf6 33. Qh3
Nxf2 34. Rxf3 Nxh3 35. Rxf6 gxf6 36. c4 Nf4 37. a4 c5 38. c3 cxb4 39. cxb4 Nd3+
40. Kd2 Nxb4 41. Kc3 Nc6 0-1

[Event "ENCI Limburg-open C"]
[Site "Maastricht"]
[Date "2010.05.23"]
[Round "4"]
[White "De Ridder, Gertie"]
[Black "Kunowski, Marco"]
[Result "1-0"]
[WhiteElo "1248"]
[BlackElo "1290"]
[PlyCount "119"]
[EventDate "2010.05.21"]
[EventType "swiss"]
[EventRounds "7"]
[EventCountry "NED"]
[Source "P.Boonen"]
[SourceDate "2010.10.01"]

1. e4 e5 2. Nf3 Nc6 3. d4 d6 4. d5 Nce7 5. Nc3 a6 6. Be3 Nf6 7. Nh4 Ng4 8. Qf3
Nxe3 9. Qxe3 Bd7 10. O-O-O g6 11. g3 Bg7 12. h3 O-O 13. g4 Rc8 14. Nf3 c5 15.
g5 b5 16. h4 b4 17. Nb1 a5 18. Bc4 Ra8 19. a4 Bxa4 20. b3 Bd7 21. h5 a4 22. h6
Bh8 23. c3 a3 24. Kc2 Qa5 25. Nbd2 bxc3 26. Qxc3 Qxc3+ 27. Kxc3 Rfb8 28. Ra1
Bg4 29. Nh2 Bd7 30. f3 f6 31. Rhg1 fxg5 32. Rxg5 Bf6 33. Rgg1 Kf7 34. Ng4 Bh4
35. Ra2 Bxg4 36. fxg4 Bf2 37. Rf1 g5 38. Rxf2+ Kg6 39. Rh2 Ng8 40. Rh5 Nxh6 41.
Nf3 Nxg4 42. Rxg5+ Kf6 43. Rxg4 h5 44. Rh4 Rg8 45. Rh3 Rg4 46. Nd2 h4 47. Rf3+
Ke7 48. Nb1 Rg3 49. Be2 Rg2 50. Nxa3 Rf8 51. Rxf8 Kxf8 52. Nc4 Ke7 53. Ne3 Kf6
54. Nxg2 h3 55. Ne3 Kg5 56. Ra1 Kf4 57. Ng4 Kxe4 58. Kc4 Kf4 59. Rf1+ Ke4 60.
Bd3# 1-0

[Event "ENCI Limburg-open C"]
[Site "Maastricht"]
[Date "2010.05.23"]
[Round "4"]
[White "Dekens, Joop"]
[Black "Weerts, Rene"]
[Result "1/2-1/2"]
[WhiteElo "1601"]
[BlackElo "1672"]
[PlyCount "81"]
[EventDate "2010.05.21"]
[EventType "swiss"]
[EventRounds "7"]
[EventCountry "NED"]
[Source "P.Boonen"]
[SourceDate "2010.10.01"]

1. d4 g6 2. e4 d6 3. f4 Bg7 4. Nf3 Bg4 5. Be3 c5 6. c3 Qb6 7. Qa4+ Bd7 8. Qc2
cxd4 9. Bxd4 Bxd4 10. cxd4 Nc6 11. Qc3 Rc8 12. Qd2 Nf6 13. Nc3 Nb4 14. Rc1 O-O
15. a3 Na6 16. Bd3 Bg4 17. Be2 e5 18. fxe5 dxe5 19. Nxe5 Bxe2 20. Kxe2 Rfd8 21.
Nf3 Nc5 22. Rc2 Ncxe4 23. Nxe4 Nxe4 24. Qc1 Rxc2+ 25. Qxc2 Re8 26. Kd1 Nd6 27.
Qc5 Qxb2 28. Re1 Ne4 29. Qc2 Nc3+ 30. Kd2 Nb1+ 31. Kd1 Nc3+ 32. Kd2 Ne4+ 33.
Kd1 Qa1+ 34. Qc1 Nc3+ 35. Kd2 Qa2+ 36. Qc2 Ne4+ 37. Kd1 Qa1+ 38. Qc1 Nf2+ 39.
Kd2 Qa2+ 40. Qc2 Ne4+ 41. Kd1 1/2-1/2